000 00492nam a2200181Ia 4500
005 20250508154659.0
008 008 250505s9999 xx 000 0 eng d
037 _aTextual
040 _aFEDL
_beng
_cFEDL
041 _aeng
_2eng
084 _a513.8, MES
_qFEDL
100 _aMeschkowski Herbert
_9765852
245 0 _aNoneuclidean geometry
260 _aNew York, USA
_bAcademic Press
_c1964
300 _a104p.
942 _cTEXL
_h513.8, MES
999 _c1351566
_d1351566